000
00321nam a22001337a 4500
008
170605b xxu||||| |||| 00| 0 eng d
020
_a
9780312183110
041
_a
eng
080
_a
94
100
_a
18
101
_a
SHH
245
_a
A NATURAL HISTORY OF MAN AND WOMAN HUMAN SEXES
_c
MORRIS.D
942
_2
udc
_c
BK
999
_c
15957
_d
15957